Receta contra las suegras (Record no. 171232)

MARC details
000 -LEADER
campo de control de longitud fija 00749nam a22001695i 4500
001 - NÚMERO DE CONTROL
campo de control 171232
003 - IDENTIFICADOR DE NÚMERO DE CONTROL
campo de control ES-MaACL
005 - FECHA Y HORA DE LA ÚLTIMA TRANSACCIÓN
campo de control 20230906214555.0
008 - DATOS DE LONGITUD FIJA--INFORMACIÓN GENERAL
campo de control de longitud fija 090506s1867 sp |||| | spa d
100 1# - ENTRADA PRINCIPAL--NOMBRE DE PERSONA
Nombre de persona Diana, Manuel Juan.
9 (RLIN) 44103
245 10 - MENCIÓN DEL TÍTULO
Título Receta contra las suegras
Resto del título : comedia original en un acto /
Mención de responsabilidad, etc. por Manuel Juan Diana.
250 ## - MENCION DE EDICION
Mención de edición 3ª ed.
260 ## - PUBLICACIÓN, DISTRIBUCIÓN, ETC.
Lugar de publicación, distribución, etc. Madrid :
Nombre del editor, distribuidor, etc. [s.n.],
Fecha de publicación, distribución, etc. 1867 (
Fabricante Imp. de José Rodríguez)
300 ## - DESCRIPCIÓN FÍSICA
Extensión 29 p. ;
Dimensiones 18 cm.
500 ## - NOTA GENERAL
Nota general En port.: Representada por primera vez en el teatro del Príncipe el día 21 de diciembre de 1862.
852 ## - LOCALIZACIÓN
Ubicación ES-MaACL
Número de control de estantería F-8591(5)
Nota libre .- Enc. pasta española
condición física .- Falto de la cub. original
Nota libre .- Enc. en un vol. facticio formando parte de la col. "Teatro español moderno", vol. 44
Holdings
Estatus retirado Estado de pérdida Estado de daño No para préstamo Colección Biblioteca de origen Biblioteca actual Ubicación en estantería Fecha de adquisición Fuente de adquisición Total de préstamos Signatura topográfica completa Código de barras Visto por última vez Precio de reemplazo Tipo de ítem Koha
        Libros del s. XIX Biblioteca del Ateneo de Madrid Biblioteca del Ateneo de Madrid Sala Pecera Planta 2 06/05/2009     F-8591(5) 1179699 23/02/2023 23/02/2023 Libro impreso antiguo